| 000 | 01077nam a22003497a 4500 | ||
|---|---|---|---|
| 003 | CHAP | ||
| 005 | 20220329143556.0 | ||
| 008 | 100617s1984 gw a r 00010 eng d | ||
| 010 | _a98741 | ||
| 011 | _a99713 | ||
| 020 | _a0387131957 | ||
| 035 | _a110399 | ||
| 040 | _cCHAP | ||
| 082 | 0 | 4 |
_a615.32 _bW12 |
| 100 | 1 |
_aWagner, Hildebert _9120786 |
|
| 245 | 1 | 0 |
_aPlant drug analysis : _ba thin layer chromatography atlas _c/by H. Wagner |
| 260 |
_aBerlin : _bSpringer - Verlag, _c1984 |
||
| 300 |
_axiii, 320 p. : _bilus. |
||
| 590 |
_aBATCH-UPD _b10 _c20130110 _lUCH01 _h1137 |
||
| 590 |
_aBATCH-UPD _b10 _c20130410 _lUCH01 _h0724 |
||
| 590 |
_aBATCH-UPD _b10 _c20130914 _lUCH01 _h0648 |
||
| 590 |
_aCONVERSION _b10 _c20130109 _lUCH01 _h1355 |
||
| 650 | 1 | 4 |
_aBotánica médica. _914680 |
| 650 | 1 | 4 |
_aDrogas. _934244 |
| 650 | 1 | 4 |
_aMateria médica. _972929 |
| 650 | 1 | 4 |
_aQuímica vegetal. _993602 |
| 700 | 1 |
_aBladt, S. _913020 |
|
| 700 | 1 |
_aZgainski, E. M. _9123990 |
|
| 901 | _aBK | ||
| 942 | _cLIBRO | ||
| 949 |
_a615.32 W12 _bBC _cLIBRO _d33724002178207 _eLIBRO _h112812 _i110399 _sb |
||
| 999 |
_c98741 _d98741 |
||